مكتبة جامعة عجلون الوطنية

فهرس بحث المكتبة

Anatomy Coloring Books : The Easiest Way to Learn Human Anatomy (Record no. 34064)

MARC details
000 -LEADER
fixed length control field 00570nam a22001937a 4500
003 - CONTROL NUMBER IDENTIFIER
control field JO-AjAnu
005 - DATE AND TIME OF LATEST TRANSACTION
control field 20251013114301.0
008 - FIXED-LENGTH DATA ELEMENTS--GENERAL INFORMATION
fixed length control field 251012b jo ||||| |||| 00| 0 ara d
020 ## - INTERNATIONAL STANDARD BOOK NUMBER
International Standard Book Number 978-1-5062-9526-8
040 ## - CATALOGING SOURCE
Original cataloging agency ANU
Transcribing agency JO-AjAnu
041 ## - LANGUAGE CODE
Language code of original ENG
100 ## - MAIN ENTRY--PERSONAL NAME
Personal name McCann, Stephanie
Relator term auther
9 (RLIN) 66792
245 ## - TITLE STATEMENT
Title Anatomy Coloring Books : The Easiest Way to Learn Human Anatomy
Statement of responsibility, etc. / tephanie McCann, Eric Wise
260 ## - PUBLICATION, DISTRIBUTION, ETC.
Place of publication, distribution, etc. Kaplan :
Name of publisher, distributor, etc. LLC,
Date of publication, distribution, etc. 2024
300 ## - PHYSICAL DESCRIPTION
Extent 342 Pages
650 ## - SUBJECT ADDED ENTRY--TOPICAL TERM
Form subdivision Anatomy
700 ## - ADDED ENTRY--PERSONAL NAME
Personal name Wise, Eric
Relator term Joint Author
9 (RLIN) 66793
942 ## - ADDED ENTRY ELEMENTS (KOHA)
Source of classification or shelving scheme Library of Congress Classification
Koha item type Books
Suppress in OPAC No
Holdings
Withdrawn status Lost status Source of classification or shelving scheme Damaged status Not for loan Home library Current library Date acquired Total Checkouts Full call number Barcode Date last seen Price effective from Koha item type
    Library of Congress Classification     مكتبة جامعة عجلون الوطنية مكتبة جامعة عجلون الوطنية 12/10/2025   QM31.2024 E4054 12/10/2025 12/10/2025 Books